000 005910000a22001810004500
003 MACL
005 20160320164555.0
008 160320b xxu||||| |||| 00| 0 eng d
040 _aMACL
_cMACL
041 _aHindi
082 _a004
100 _aपाल महेन्‍द्र
_947927
245 _aकम्‍प्‍यूटर परिचालन के सिद्धातं
260 _aनई दिल्‍ली
_bइंडिया बुक्‍स कम्‍पनी
_c2012
350 _a350
650 _aComputer Science
_916
942 _cHIN
_k004
_2ddc
999 _c48618
_d48618